Udržateľné mesto-aktuálne trendy environmentálne prijateľnej transformácie mestských štvrtí

Saved in:
Bibliographic Details
Main Author: Segíňová, Marta (Author)
Other Authors: Belčáková, Ingrid (Thesis advisor)
Format: Manuscript Book
Language:Slovak
Published: 2015
Subjects:
Online Access:http://is.stuba.sk/zp/portal_zp.pl?podrobnosti=72623
Tags: Add Tag
No Tags, Be the first to tag this record!

MARC

LEADER 00000ntm a22000003a 4500
001 stuzp16287
003 SK-STU
005 20160719152825.1
007 ta
008 150427s2015----xo-----f-mn---000-0-slo-d
040 |a STU  |b slo 
041 0 |a slo 
100 1 |a Segíňová, Marta  |u 010160  |4 aut  |U SvF Stavebná fakulta  |T SvF Katedra vodného hospodárstva krajiny  |X 69974  |U V160  |Y 16  |7 69974 
242 0 1 |a Sustainable city - current trends of environmentally acceptable transformation of city suburbs  |y eng 
245 1 0 |a Udržateľné mesto-aktuálne trendy environmentálne prijateľnej transformácie mestských štvrtí 
260 |c 2015 
650 4 |a udržateľné mesto  |2 slo 
650 4 |a environmentálne prijateľná transformácia  |2 slo 
650 4 |a manažment sídla  |2 slo 
650 4 |a udržateľná mobilita  |2 slo 
650 4 |a Nitra  |2 slo 
650 4 |a sustainable city  |2 eng 
650 4 |a environmentally friendly transformation  |2 eng 
650 4 |a urban management  |2 eng 
650 4 |a sustainable mobility  |2 eng 
650 4 |a Nitra  |2 eng 
700 1 |a Belčáková, Ingrid  |4 ths  |X 367  |7 A000000367 
856 4 |u http://is.stuba.sk/zp/portal_zp.pl?podrobnosti=72623 
SQL |a stuzp16287  |b DDZ  |c SLO  |d Udržateľné mesto-aktuálne trendy environmentálne prijateľnej transformácie mestských štvrtí  |e 69974  |f Segíňová, Marta  |g 010160  |h 367  |i Belčáková, Ingrid  |j 20150821  |k 679  |l 01  |m http://is.stuba.sk/zp/portal_zp.pl?podrobnosti=72623  |n D-KRAJ4  |o 6.1.11. krajinárstvo